Krytí peněz v současnosti – mýty, varianty a realita

Teoretické krytie emitovaných peňazí. Pojem slobodné bankovníctvo. Základné črty slobodného bankovníctva. Pojem zlatý štandard. Krytie súčasných peňazí. Peňažné multiplikátory a zlaté krytie. Vymeniteľnosť peňazí za zlato. Trhová a garantovaná cena. Plné krytie peňazí zahraničnou menou.

Gespeichert in:
Bibliographische Detailangaben
1. Verfasser: Revenda, Zbyněk
Format: Buchkapitel
Sprache:Tschechisch
Schlagworte:
Tags: Tag hinzufügen
Keine Tags, Fügen Sie das erste Tag hinzu!

MARC

LEADER 00000naa a2200000 4500
001 0248720
005 20221104112119.5
041 0 |a cze 
044 |a CZ 
245 1 0 |a Krytí peněz v současnosti – mýty, varianty a realita  |c Zbyněk Revenda 
520 |a Teoretické krytie emitovaných peňazí. Pojem slobodné bankovníctvo. Základné črty slobodného bankovníctva. Pojem zlatý štandard. Krytie súčasných peňazí. Peňažné multiplikátory a zlaté krytie. Vymeniteľnosť peňazí za zlato. Trhová a garantovaná cena. Plné krytie peňazí zahraničnou menou. 
610 2 0 |a banky obchodné 
610 2 0 |a štandard zlatý 
610 2 0 |a obeh peňažný 
610 2 0 |a zlato 
610 2 0 |a cena zlata 
610 2 0 |a ceny trhové 
610 2 0 |a mena 
100 1 |a Revenda, Zbyněk